000 00920nac a22002657a 4500
001 BR7101089
003 BR-BrBNA
005 20240105113430.0
008 230509b bl.|||m| |||| 00| 0 por d
040 _aBR-BrBNA
_bpor
_cBiblioteca Nacional de Agricultura
072 _aF30
090 _a0336 BR7101089
100 1 _aSantos, O.S. dos
110 1 _aUniversidade Federal de Santa Maria, RS (Brasil). Depto. de Fitotecnia
_910933
245 1 _aComportamento de variedades de soja em diferentes unidades de solo do Rio Grande do Sul [Glycine max, Brasil]
260 3 _aSanta Maria, RS (Brasil):
_c1971.
300 _a16 p.
490 _aBoletim Tecnico - Universidade Federal de Santa Maria. Depto. de Fitotecnia (Brazil)
_vno. 1
_x
500 _a8 tables
650 _aSOJA
650 _aVARIEDADE
650 _aRIO GRANDE DO SUL
909 _a202312
_bLúcia Elande
_c55
_dLúcia Elande
942 _2AGRIS
_n0
_cMS
999 _c263691
_d263691